| 000 | 00517cam a2200205ua 4500 | ||
|---|---|---|---|
| 001 | 10107 | ||
| 008 | 170330n ii |||gr||||Z||||||asm | ||
| 020 | _a9789382030430 | ||
| 040 | _cMAIN | ||
| 041 | _aasm | ||
| 082 | _a891.4511 | ||
| 100 |
_aBora, Niharika, _eEditor. |
||
| 245 |
_aAsamiya kabitar adhyayan _cEd. by Niharika Bora and Pranjal Saikia |
||
| 250 | _a1st ed. | ||
| 260 |
_aJorhat: _bUnika, _c2013. |
||
| 300 | _a168p. | ||
| 653 | _aAssamese poem | ||
| 700 |
_aSaikia, Pranjal, _eEditor. |
||
| 942 | _cBK | ||
| 999 |
_c9106 _d9106 |
||